Janji Itu PASTI : (Record no. 190104)
[ view plain ]
| 000 -LEADER | |
|---|---|
| fixed length control field | 00861nam a2200253 i 4500 |
| 005 - DATE AND TIME OF LATEST TRANSACTION | |
| control field | 20221122095517.0 |
| 008 - FIXED-LENGTH DATA ELEMENTS--GENERAL INFORMATION | |
| fixed length control field | 221122s2022 my g 000 j may d |
| 020 ## - INTERNATIONAL STANDARD BOOK NUMBER | |
| International Standard Book Number | 9789672635321 |
| Terms of availability | RM 28.00 |
| Qualifying information | paperback |
| 040 ## - CATALOGING SOURCE | |
| Original cataloging agency | PPAK |
| Language of cataloging | eng |
| Transcribing agency | PPAK |
| Description conventions | rda |
| 082 04 - DEWEY DECIMAL CLASSIFICATION NUMBER | |
| Classification number | 899.233010803 |
| Edition number | 23 |
| 090 00 - LOCALLY ASSIGNED LC-TYPE CALL NUMBER (OCLC); LOCAL CALL NUMBER (RLIN) | |
| Classification number (OCLC) (R) ; Classification number, CALL (RLIN) (NR) | 899.233010803 |
| Feature heading | JAN |
| Feature heading | G |
| Classification number (OCLC) (R) ; Classification number, CALL (RLIN) (NR) | 899.233010803 |
| Feature heading | JAN |
| Feature heading | KK |
| 245 00 - TITLE STATEMENT | |
| Title | Janji Itu PASTI : |
| Remainder of title | Antologi Cerpen bersama Novelis Hasreeyati Ramli. |
| Number of part/section of a work | Edisi Nov 2021 / |
| Statement of responsibility, etc. | DISELENGGARA OLEH: HASREEYATI RAMLI |
| 250 ## - EDITION STATEMENT | |
| Edition statement | Edisi Nov 2021 |
| 264 #1 - PRODUCTION, PUBLICATION, DISTRIBUTION, MANUFACTURE, AND COPYRIGHT NOTICE | |
| Place of production, publication, distribution, manufacture | Sungai Petani, Kedah : |
| Name of producer, publisher, distributor, manufacturer | HASREEYATI RAMLI RESOURCES , |
| Date of production, publication, distribution, manufacture, or copyright notice | 2022. |
| 300 ## - PHYSICAL DESCRIPTION | |
| Extent | 258 pages ; |
| Dimensions | 18 cm |
| 336 ## - CONTENT TYPE | |
| Content type term | text |
| Source | rdacontent |
| 337 ## - MEDIA TYPE | |
| Media type term | unmediated |
| Source | rdamedia |
| 338 ## - CARRIER TYPE | |
| Carrier type term | volume |
| Source | rdacarrier |
| 650 10 - SUBJECT ADDED ENTRY--TOPICAL TERM | |
| Topical term or geographic name entry element | Short stories, Malay. |
| Topical term or geographic name entry element | Malay fiction. |
| 700 0# - ADDED ENTRY--PERSONAL NAME | |
| Personal name | Hasreeyati Ramli, |
| Relator term | editor. |
| 942 ## - ADDED ENTRY ELEMENTS (KOHA) | |
| Source of classification or shelving scheme | Dewey Decimal Classification |
| Koha item type | Book |
| Withdrawn | Not for loan | Current library | Shelving location | Date acquired | Total Checkouts | Full call number | Barcode | Date last seen | Koha item type | Date last checked out |
|---|---|---|---|---|---|---|---|---|---|---|
| Not For Loan | Perpustakaan Alor Setar | Koleksi Kedah | 30/11/2022 | KK 899.233010803 JAN | A01759263 | 30/11/2022 | Book | |||
| Perpustakaan Alor Setar | Pinjaman Dewasa | 30/11/2022 | 1 | 899.233010803 JAN | A01759264 | 16/07/2023 | Book | 28/06/2023 | ||
| Perpustakaan Awam Sungai Petani | Pinjaman Dewasa | 30/11/2022 | 2 | 899.233010803 JAN | A01759265 | 16/10/2023 | Book | 14/10/2023 | ||
| Perpustakaan Baling | Pinjaman Dewasa | 30/11/2022 | 1 | 899.233010803 JAN | A01759269 | 24/03/2024 | Book | 27/02/2024 | ||
| Perpustakaan Bandar Baharu | Pinjaman Dewasa | 30/11/2022 | 899.233010803 JAN | A01759270 | 30/11/2022 | Book | ||||
| Perpustakaan Jitra | Pinjaman Dewasa | 30/11/2022 | 899.233010803 JAN | A01759266 | 30/11/2022 | Book | ||||
| Perpustakaan Kuala Nerang | Pinjaman Dewasa | 30/11/2022 | 899.233010803 JAN | A01759274 | 30/11/2022 | Book | ||||
| Perpustakaan Kulim | Pinjaman Dewasa | 30/11/2022 | 899.233010803 JAN | A01759268 | 30/11/2022 | Book | ||||
| Perpustakaan Langkawi | Pinjaman Dewasa | 30/11/2022 | 899.233010803 JAN | A01759267 | 30/11/2022 | Book | ||||
| Perpustakaan Merbok | Pinjaman Dewasa | 30/11/2022 | 899.233010803 JAN | A01759271 | 30/11/2022 | Book | ||||
| Perpustakaan Pendang | Pinjaman Dewasa | 30/11/2022 | 899.233010803 JAN | A01759275 | 30/11/2022 | Book | ||||
| Perpustakaan Sik | Pinjaman Dewasa | 30/11/2022 | 899.233010803 JAN | A01759273 | 30/11/2022 | Book | ||||
| Perpustakaan Yan | Pinjaman Dewasa | 30/11/2022 | 899.233010803 JAN | A01759272 | 30/11/2022 | Book |